|
|
|
|
| LEADER |
00000nam0a2200000 4500 |
| 001 |
261747 |
| 005 |
20231101233606.0 |
| 010 |
|
|
|a 5250001343
|
| 035 |
|
|
|a (RuTPU)RU\TPU\book\284728
|
| 090 |
|
|
|a 261747
|
| 100 |
|
|
|a 20140527d1988 k y0rusy50 ca
|
| 101 |
0 |
|
|a rus
|
| 102 |
|
|
|a RU
|
| 105 |
|
|
|a a z 001zy
|
| 200 |
1 |
|
|a Первомай: вековая интернациональная традиция
|f И. П. Рахманова
|
| 210 |
|
|
|a Москва
|c Политиздат
|d 1988
|
| 215 |
|
|
|a 223 с.
|c ил.
|
| 320 |
|
|
|a Библиогр.: с. 221.
|
| 606 |
1 |
|
|a Первое мая
|2 stltpush
|3 (RuTPU)RU\TPU\subj\48475
|9 67338
|
| 610 |
1 |
|
|a солидарность
|
| 610 |
1 |
|
|a трудящиеся
|
| 610 |
1 |
|
|a интернациональные традиции
|
| 610 |
1 |
|
|a праздники
|
| 610 |
1 |
|
|a Первомай
|
| 610 |
1 |
|
|a история
|
| 686 |
|
|
|a Ф76(0)
|v LBC/SL-A
|2 rubbk
|
| 700 |
|
1 |
|a Рахманова
|b И. П.
|g Ирина Платоновна
|
| 801 |
|
1 |
|a RU
|b 63413507
|c 20140527
|
| 801 |
|
2 |
|a RU
|b 63413507
|c 20150326
|g RCR
|
| 942 |
|
|
|c BK
|